Get the Picture: Ed Sheeran or Green Day? Quiz Stats

 Plays Quiz Updated Jun 21, 2019

Score 0/16 Timer 02:00
0 Plays Today
Question Answer Wrong Answers
Shape of You Ed Sheeran
96.2%
Green Day
1.8%
American Idiot Green Day
96%
Ed Sheeran
2%
Boulevard of Broken Dreams Green Day
94.2%
Ed Sheeran
3.7%
Perfect Ed Sheeran
94.2%
Green Day
3.8%
Wake Me Up When September Ends Green Day
93%
Ed Sheeran
5%
Good Riddance Green Day
92.6%
Ed Sheeran
5.3%
Basket Case Green Day
91.8%
Ed Sheeran
6.2%
Thinking Out Loud Ed Sheeran
90.6%
Green Day
7.4%
Castle on the Hill Ed Sheeran
90.5%
Green Day
7.3%
21 Guns Green Day
90.5%
Ed Sheeran
7.6%
Photograph Ed Sheeran
90.3%
Green Day
7.9%
Welcome to Paradise Green Day
88%
Ed Sheeran
9.9%
Lego House Ed Sheeran
86.8%
Green Day
11.2%
When I Come Around Green Day
85.8%
Ed Sheeran
12.1%
The A Team Ed Sheeran
80.8%
Green Day
17.2%
I See Fire Ed Sheeran
78.1%
Green Day
19.8%

Today's Daily Dose

Missing Word
Sherlocks

Word Ladder
King of the Hill

Quick Pick
Songs in Pink

Get the Picture
NBA Teammates

You're not logged in!

Compare scores with friends on all Sporcle quizzes.
OR
Log In

Sporcle TV

Today on Sporcle TV


Watch our educational content, quiz creation guides, and fun videos on Sporcle TV.

Show Comments

Extras

Top Quizzes Today


Score Distribution

Your Account Isn't Verified!

In order to create a playlist on Sporcle, you need to verify the email address you used during registration. Go to your Sporcle Settings to finish the process.

Report this User

Report this user for behavior that violates our Community Guidelines.

Details: